Top 10 des animaux les plus lourds du monde - Statistiques

Statistiques générales
  • Ce quiz a été pris 1 530 fois
  • Le résultat moyen est 4 sur 10
Statistiques - réponses
TOP Poids en kg Animaux % Correct
1 170 000 Baleine bleue
74%
8 3 000 Hippopotame
74%
10 1 000 Girafe
56%
4 15 000 Cachalot
46%
9 2 000 Requin blanc
40%
3 35 000 Requin baleine
37%
5 7 000 Éléphant d'afrique
26%
2 70 000 Rorqual
23%
6 4 000 Éléphant de mer
19%
7 3 500 Rhinocéros blanc
10%
Aucun quiz correspondant
Distribution des résultats
% des personnes avec chaque résultat
Percentile par nombre de réponses
Votre historique - résultats
Vous n’avez pas pris ce quiz